Villes de la Nièvre en images - Statistiques

Statistiques générales
  • Ce quiz a été pris 73 fois
  • Le résultat moyen est 6 sur 18
Statistiques - réponses
Par images Hint Réponse % Correct
N Nevers
98%
C Cosne-Cours-sur-Loire
77%
(La) C La Charité-sur-Loire
75%
C Clamecy
66%
D Decize
64%
C Château-Chinon
62%
C Corbigny
30%
C Châtillon-en-Bazois
21%
B Bazoches
20%
C Cercy-la-Tour
18%
D Donzy
18%
D Dornes
18%
M Moulins-Engilbert
15%
S Saint-Honoré-les-Bains
15%
L Lormes
13%
S Saint-Pierre-le-Moûtier
10%
A Arleuf
3%
S Saint-Amand-en-Puisaye
3%
Aucun quiz correspondant
Distribution des résultats
% des personnes avec chaque résultat
Percentile par nombre de réponses
Votre historique - résultats
Vous n’avez pas pris ce quiz